Statistics for Groups of Eight Quiz #2

Click here to take the quiz!

General Stats

  • This quiz has been taken 92,394 times
    (42,526 since last reset)
  • The average score is 46 of 72

Answer Stats

GroupAnswer% Correct
U.S. Cities with the Most International TouristsNew York City
92%
Warsaw Pact CountriesPoland
89%
U.S. Cities with the Most International TouristsLos Angeles
88%
U.S. States starting with MMaine
86%
Basic Cake IngredientsFlour
85%
Persian Gulf CountriesIran
85%
Basic Cake IngredientsEggs
84%
Persian Gulf CountriesIraq
84%
U.S. States starting with MMichigan
84%
U.S. States starting with MMississippi
84%
Basic Cake IngredientsSugar
84%
Possessive PronounsMine
83%
U.S. States starting with MMontana
83%
Boxing Weight ClassesHeavyweight
82%
Possessive PronounsHers
82%
Possessive PronounsHis
82%
U.S. States starting with MMinnesota
82%
Persian Gulf CountriesSaudi Arabia
82%
Possessive PronounsTheirs
82%
Main characters in the original Star Wars movieLuke Skywalker
81%
Main characters in the original Star Wars movieDarth Vader
79%
U.S. States starting with MMissouri
79%
Persian Gulf CountriesOman
79%
U.S. Cities with the Most International TouristsMiami
78%
Possessive PronounsOurs
78%
Persian Gulf CountriesUnited Arab Emirates
78%
U.S. States starting with MMaryland
77%
U.S. States starting with MMassachusetts
77%
Main characters in the original Star Wars moviePrincess Leia
77%
Persian Gulf CountriesKuwait
76%
Boxing Weight ClassesLightweight
75%
Persian Gulf CountriesQatar
75%
U.S. Cities with the Most International TouristsSan Francisco
75%
Possessive PronounsYours
75%
Main characters in the original Star Wars movieHan Solo
70%
Basic Cake IngredientsMilk
69%
Persian Gulf CountriesBahrain
67%
Warsaw Pact CountriesHungary
67%
Warsaw Pact CountriesRomania
64%
Main characters in the original Star Wars movieR2-D2
63%
Warsaw Pact CountriesSoviet Union
63%
U.S. Cities with the Most International TouristsWashington D.C.
63%
Warsaw Pact CountriesBulgaria
61%
Main characters in the original Star Wars movieChewbacca
60%
U.S. Cities with the Most International TouristsLas Vegas
57%
Warsaw Pact CountriesCzechoslovakia
56%
Main characters in the original Star Wars movieC-3PO
55%
Boxing Weight ClassesFeatherweight
55%
Main characters in the original Star Wars movieObi-Wan Kenobi
55%
U.S. Cities with the Most International TouristsOrlando
53%
Basic Cake IngredientsButter
52%
Possessive PronounsIts
52%
Warsaw Pact CountriesAlbania
51%
Boxing Weight ClassesMiddleweight
50%
Warsaw Pact CountriesEast Germany
49%
Basic Cake IngredientsSalt
49%
Basic Cake IngredientsVanilla
49%
Basic Cake IngredientsBaking powder
47%
Major Taxonomic RanksSpecies
44%
Major Taxonomic RanksGenus
38%
Boxing Weight ClassesWelterweight
38%
Major Taxonomic RanksFamily
36%
Major Taxonomic RanksKingdom
36%
Major Taxonomic RanksPhylum
35%
Major Taxonomic RanksClass
32%
U.S. Cities with the Most International TouristsHonolulu
31%
Boxing Weight ClassesBantamweight
30%
Major Taxonomic RanksOrder
30%
Boxing Weight ClassesFlyweight
29%
Boxing Weight ClassesLight Heavyweight
22%
Major Taxonomic RanksDomain
16%
Possessive PronounsOne's
10%

Score Distribution

Percentile by Number Answered

Percent of People with Each Score

Your Score History

You have not taken this quiz since the last reset